000 00627nam a2200277Ia 4500
005 20260401122450.0
008 008 250103s9999 xx 000 0 eng d
020 _a9789380607221
037 _aTB
040 _aEDL
040 _beng
040 _cEDL
041 _2eng
041 _aeng
084 _a305.420954ROY
084 _qEDL
245 0 _aInsights and interventions : Essays in honour of Uma Chakravarti
260 _aDelhi
260 _bPrimus Books
260 _c2011
300 _a191p
942 _cTB
942 _h305.420954ROY
999 _c1847461
_d1847461